Social Enterprises in the Fight against Poverty

Skúmanie vývoja chudoby a sociálneho vylúčenia v postsocialistických krajinách, najmä v Maďarsku. Úloha sociálnych podnikov pri zmierňovaní chudoby. Určitá časť sociálnych podnikov je vytvorená, aby našla riešenia sociálnych potrieb a kritických sociálnych situácií, ako je zvýšená a hlboká chudoba,...

Descrizione completa

Salvato in:
Dettagli Bibliografici
Autore principale: Nándori, Eszter Siposné
Altri autori: Lipták, Katalin
Natura: Capitolo di libro
Lingua:inglese
Soggetti:
Tags: Aggiungi Tag
Nessun Tag, puoi essere il primo ad aggiungerne!!

MARC

LEADER 00000naa a2200000 4500
001 0294194
005 20230613133224.4
041 0 |a eng 
044 |a SK 
245 1 0 |a Social Enterprises in the Fight against Poverty  |c Eszter Siposné Nándori, Katalin Lipták 
520 |a Skúmanie vývoja chudoby a sociálneho vylúčenia v postsocialistických krajinách, najmä v Maďarsku. Úloha sociálnych podnikov pri zmierňovaní chudoby. Určitá časť sociálnych podnikov je vytvorená, aby našla riešenia sociálnych potrieb a kritických sociálnych situácií, ako je zvýšená a hlboká chudoba, alebo dlhodobá nezamestnanosť. Pre ich existenciu je odôvodnená skutočnosť, že pre mnohé sociálne problémy, vláda, trh, ani verejná pomoc nedokážu zabezpečiť efektívne a dlhodobé riešenia. Testovanie, či existuje nejaký vzťah medzi rozsahom chudoby a sociálneho vylúčenia a priestorovým modelom vytvorených sociálnych podnikov na zmiernenie chudoby v Maďarsku. 
610 2 0 |a chudoba 
610 2 0 |a podnik sociálny 
610 2 0 |a Maďarsko 
610 2 0 |a vylúčenie sociálne 
610 2 0 |a nezamestnanosť 
610 2 0 |a nezamestnanosť dlhodobá 
100 1 |a Nándori, Eszter Siposné 
700 1 |a Lipták, Katalin